000 00750nam a2200205Ii 4500
003 JO-AjNU
008 230605s9999||||xx |||||||||||||| ||und||
040 _aJO-AjNU
_bara
_erda
_cJO-AjNU
041 _aara
050 1 4 _aZ186.A65.A35 1995
100 3 _aشاكر، الشيخ احمد ,
_eauthor
_940577
245 0 0 _aتصحيح الكتب وصنع الفهارس المعجمة وكيفية ضبط الكتاب وسبق المسلمين الافرنج في ذلك
250 _aط1
264 3 1 _aالقاهرة: مكتبة السنة ، 1995
300 _a108ص
336 _atext
_btxt
_2rdacontent
337 _aunmediated
_bn
_2rdamedia
338 _avolume
_bnc
_2rdacarrier
650 4 _aتصحيح الكتب -صنع الفهارس
_940578
999 _aA17232
_c20800
_d20800